The Bruce R. Hopkins nonprofit law library (Record no. 38801)
[ view plain ]
| 000 -LEADER | |
|---|---|
| fixed length control field | 01243nam a2200313 a 4500 |
| 100 1# - MAIN ENTRY--AUTHOR NAME | |
| Personal name | Hopkins, Bruce R. |
| 245 14 - TITLE STATEMENT | |
| Title | The Bruce R. Hopkins nonprofit law library |
| 260 ## - PUBLICATION, DISTRIBUTION, ETC. (IMPRINT) | |
| Place of publication | Hoboken, N.J. : |
| Name of publisher | Wiley, |
| Year of publication | 2013. |
| 300 ## - PHYSICAL DESCRIPTION | |
| Number of Pages | xxxviii, 426 p. |
| 490 1# - SERIES STATEMENT | |
| Series statement | Wiley nonprofit authority |
| 500 ## - GENERAL NOTE | |
| General note | Includes index. |
| 650 #0 - SUBJECT ADDED ENTRY--TOPICAL TERM | |
| Topical Term | Nonprofit organizations |
| 856 40 - ELECTRONIC LOCATION AND ACCESS | |
| Uniform Resource Identifier | http://site.ebrary.com/lib/rucke/Doc?id=10720689 |
No items available.
